000 00579 a2200205 4500
005 20260314092023.0
008 260313b |||||||| |||| 00| 0 eng d
020 _a9788189833923
_cRs. 325.00
040 _aMAIN
082 _a333.7201
_bR152C
100 _aRandhir Singh
245 _aContemporary ecological crisis: A Marxist view
260 _bAakar Books
_aDelhi
_c2020
300 _a159
440 _aCRISIS of socialism: Notes in defence of a commitment-V5
650 _aEconomics
650 _aNatural Resources
650 _aEnvironmental Problems
942 _cBK
999 _c394662
_d394662